Countries by Smallest % of Population in Biggest City - Statistics

General Stats
  • This quiz has been taken 112 times
  • The average score is 11 of 20
Answer Stats
% City Country % Correct
2% Shanghai China
95%
3% New York City United States
95%
1% Mumbai India
94%
5% Berlin Germany
85%
4% Jakarta Indonesia
84%
5% Rome Italy
82%
3% Paris France
76%
5% Warsaw Poland
73%
3% Quezon City Philippines
55%
3% Addis Ababa Ethiopia
54%
5% Lisbon Portugal
53%
5% Kuala Lumpur Malaysia
50%
5% Zürich Switzerland
38%
4% Kampala Uganda
31%
4% Maputo Mozambique
25%
4% Port Moresby Papua New Guinea
23%
4% Juba South Sudan
20%
5% Lilongwe Malawi
16%
5% Tunis Tunisia
12%
5% Beirut Lebanon
9%
No matching quizzes found
Score Distribution
Percent of People with Each Score
Percentile by Number Answered
Your Score History
You have not taken this quiz